100 Largest US Cities - B - Statistics

General Stats
  • This quiz has been taken 459 times
  • The average score is 32 of 100
Answer Stats
Rank Population City % Correct
1 695,506 Boston, MA
96%
2 575,584 Baltimore, MD
89%
7 207,235 Birmingham, AL
82%
3 389,007 Bakersfield, CA
79%
5 229,993 Boise, ID
78%
4 254,290 Buffalo, NY
76%
6 216,328 Baton Rouge, LA
75%
85 35,339 Bell, CA
73%
14 109,843 Billings, MT
73%
8 183,677 Brownsville, TX
66%
52 55,996 Burlington, NC
65%
69 43,063 Burlington, VT
65%
10 143,653 Bridgeport, CT
63%
16 105,003 Boulder, CO
62%
54 53,644 Bellevue, NE
61%
9 150,364 Bellevue, WA
61%
30 76,382 Bloomington, IL
55%
24 86,987 Bloomington, IN
55%
25 83,881 Bloomington, MN
55%
35 74,129 Bismarck, ND
54%
11 120,763 Berkeley, CA
52%
15 106,023 Bend, OR
51%
53 54,937 Beaumont, CA
47%
12 115,141 Beaumont, TX
47%
80 37,604 Benton, AR
47%
63 46,524 Biloxi, MS
47%
18 100,713 Boca Raton, FL
47%
46 59,639 Bristol, CT
46%
56 52,619 Bozeman, MT
44%
17 100,835 Burbank, CA
43%
89 32,356 Bangor, ME
42%
62 48,215 Bedford, TX
41%
34 74,363 Bowling Green, KY
41%
93 31,406 Bowling Green, OH
41%
13 112,458 Broken Arrow, OK
41%
87 34,551 Butte, MT
41%
20 96,014 Bellingham, WA
40%
19 99,561 Beaverton, OR
38%
70 42,866 Brighton, CO
37%
44 62,521 Bentonville, AR
36%
31 75,961 Bethlehem, PA
34%
21 95,678 Brockton, MA
32%
73 42,132 Beverly, MA
31%
67 43,601 Binghamton, NY
29%
86 34,886 Brunswick, OH
28%
90 32,255 Bay City, MI
26%
43 63,115 Bradenton, FL
26%
88 33,274 Beverly Hills, CA
24%
66 43,735 Blacksburg, VA
24%
28 80,119 Brooklyn Park, MN
24%
23 89,194 Bryan, TX
24%
29 78,392 Baytown, TX
23%
57 51,069 Battle Creek, MI
22%
38 67,845 Bossier City, LA
22%
27 80,139 Boynton Beach, FL
21%
22 90,182 Buckeye, AZ
21%
40 65,902 Brentwood, CA
20%
68 43,215 Brentwood, TN
20%
77 40,009 Belleville, IL
19%
39 66,657 Blaine, MN
19%
36 73,549 Bolingbrook, IL
19%
49 58,709 Bowie, MD
18%
72 42,449 Bremerton, WA
18%
64 44,107 Barnstable, MA
17%
32 75,493 Bellflower, CA
15%
42 64,115 Bonita Springs, FL
15%
79 39,915 Brookfield, WI
15%
76 40,129 Bartlett, IL
14%
47 59,514 Bartlett, TN
14%
81 37,120 Braintree, MA
14%
71 42,797 Brea, CA
14%
50 58,604 Brookhaven, GA
14%
48 59,180 Brookline, MA
14%
37 72,747 Broomfield, CO
14%
41 65,337 Bayonne, NJ
13%
84 35,702 Bartlesville, OK
12%
61 48,571 Beavercreek, OH
12%
51 57,235 Blue Springs, MO
12%
26 80,990 Buena Park, CA
12%
33 74,609 Baldwin Park, CA
11%
83 36,840 Beloit, WI
11%
82 36,965 Bettendorf, IA
11%
74 41,914 Bullhead City, AZ
11%
75 41,652 Bell Gardens, CA
10%
95 30,937 Bluffton, SC
10%
45 61,693 Burnsville, MN
10%
65 43,893 Bountiful, UT
9%
94 31,193 Banning, CA
8%
92 31,799 Burlingame, CA
8%
98 29,274 Bella Vista, AR
7%
55 53,531 Berwyn, IL
7%
99 29,189 Big Spring, TX
7%
100 29,098 Bixby, OK
7%
96 30,296 Brooklyn Center, MN
7%
78 39,932 Buffalo Grove, IL
7%
97 29,976 Ballwin, MO
6%
91 32,141 Bethel Park, PA
6%
60 49,227 Bothell, WA
6%
59 50,449 Burleson, TX
6%
58 51,038 Burien, WA
5%
No matching quizzes found
Score Distribution
Percent of People with Each Score
Percentile by Number Answered
Your Score History
You have not taken this quiz